A tenger, a tenger. {Marea, marea}. [The sea, the sea]

Elmentve itt :
Bibliográfiai részletek
Szerző: KÁNTOR Lajos
Adatforrás:Meister
Forrásdokumentuma:A Hét. -
2002. 8, 7.
Nyelv:magyar
Kulcsszavak:irodalmi esszé
eseu literar
literary essay
LEADER 00393nab a2200145 i 4500
001 bibPRO00011863
008 080908s2002 xx hun
040 |a Sz1 
041 |a hun 
100 1 |a KÁNTOR Lajos 
245 1 2 |a A tenger, a tenger. {Marea, marea}. [The sea, the sea]  |c KÁNTOR Lajos 
695 |a irodalmi esszé 
695 |a eseu literar 
695 |a literary essay 
773 0 |t A Hét. -  |g 2002. 8, 7.